[Event "Int SVK-ch Open 2020"]
[Site "Drienica"]
[Date "2020.08.15"]
[Round "7.17"]
[White "Svobodova, Michaela"]
[Black "Brhel, Jan"]
[Result "1-0"]
[WhiteElo "1964"]
[BlackElo "2042"]
[Annotator "ChessBase"]
[PlyCount "123"]
[EventDate "2020.08.07"]
[EventType "swiss"]
[EventCountry "SVK"]
[TimeControl "40/5400+30:1800+30"]

1. e4 {[%emt 0:00:00]} c5 {[%emt 0:03:18]} 2. Nf3 {[%emt 0:00:00]} Nc6 {[%emt 0:00:16]} 3. Bb5 {[%emt 0:00:12]} g6 {[%emt 0:02:51]} 4. Bxc6 {[%emt 0:00:12]} bxc6 {[%emt 0:00:39]} 5. O-O {[%emt 0:00:41]} Bg7 {[%emt 0:01:35]} 6. Re1 {[%emt 0:00:22]} e5 {[%emt 0:02:46]} 7. c3 {[%emt 0:08:09]} Ne7 {[%emt 0:00:13]} 8. d4 {[%emt 0:00:35]} cxd4 {[%emt 0:00:08]} 9. cxd4 {[%emt 0:00:19]} exd4 {[%emt 0:00:07]} 10. Nxd4 {[%emt 0:00:37]} O-O {[%emt 0:01:30]} 11. Nc3 {[%emt 0:00:38]} Qa5 {[%emt 0:06:54]} 12. Bf4 {[%emt 0:06:07]} Qb4 {[%emt 0:05:42]} 13. Nb3 {[%emt 0:18:30]} d5 {[%emt 0:00:40]} 14. Rc1 {[%emt 0:11:15]} Be6 {[%emt 0:26:46]} 15. a3 {[%emt 0:07:47]} Qb6 {[%emt 0:00:37]} 16. Na4 {[%emt 0:10:14]} Qb5 {[%emt 0:00:42]} 17. Nd4 {[%emt 0:03:55]} Bxd4 {[%emt 0:00:23]} 18. Qxd4 {[%emt 0:00:25]} dxe4 {[%emt 0:00:39]} 19. Nc3 {[%emt 0:09:28]} Qh5 {[%emt 0:17:47]} 20. Nxe4 {[%emt 0:01:07]} Nd5 {[%emt 0:00:35]} 21. Rc5 {[%emt 0:04:22]} f5 {[%emt 0:05:15]} 22. Ng3 {[%emt 0:05:23]} Qg4 {[%emt 0:00:26]} 23. Rxe6 {[%emt 0:03:36]} Nxf4 {[%emt 0:01:30]} 24. Rd6 {[%emt 0:01:05]} Rae8 {[%emt 0:04:40]} 25. h3 {[%emt 0:02:20]} Ne2+ {[%emt 0:10:48]} 26. Nxe2 {[%emt 0:01:03]} Qxe2 {[%emt 0:00:08]} 27. Rcxc6 {[%emt 0:00:46]} Rf7 {[%emt 0:03:35]} 28. b4 {[%emt 0:01:16]} Qe1+ {[%emt 0:00:54]} 29. Kh2 {[%emt 0:00:08]} Qe5+ {[%emt 0:00:16]} 30. Qxe5 {[%emt 0:00:22]} Rxe5 {[%emt 0:00:07]} 31. Rd8+ {[%emt 0:01:39]} Kg7 {[%emt 0:00:14]} 32. Rdc8 {[%emt 0:00:40]} Ree7 {[%emt 0:01:30]} 33. Kg3 {[%emt 0:00:22]} Rd7 {[%emt 0:00:15]} 34. Rc3 {[%emt 0:00:42]} Rb7 {[%emt 0:00:17]} 35. R8c4 {[%emt 0:00:25]} Rfe7 {[%emt 0:01:01]} 36. a4 {[%emt 0:00:33]} Kh6 {[%emt 0:01:08]} 37. b5 {[%emt 0:00:09]} a6 {[%emt 0:01:13]} 38. bxa6 {[%emt 0:00:54]} Ra7 {[%emt 0:00:01]} 39. Rc6 {[%emt 0:01:06]} Re5 {[%emt 0:00:02]} 40. R3c5 {[%emt 0:00:59]} Rxc5 {[%emt 0:00:57]} 41. Rxc5 {[%emt 0:30:06]} Rxa6 {[%emt 0:30:07]} 42. a5 {[%emt 0:00:21]} Rd6 {[%emt 0:00:48]} 43. Rc3 {[%emt 0:02:01]} Ra6 {[%emt 0:00:00]} 44. Ra3 {[%emt 0:00:00]} Kg5 {[%emt 0:00:00]} 45. h4+ {[%emt 0:00:00]} Kf6 {[%emt 0:00:00]} 46. Kf4 {[%emt 0:00:00]} h6 {[%emt 0:00:00]} 47. Ke3 {[%emt 0:00:00]} Ke5 {[%emt 0:00:00]} 48. Ra4 {[%emt 0:00:00]} g5 {[%emt 0:00:00]} 49. g3 {[%emt 0:00:00]} gxh4 {[%emt 0:00:00]} 50. gxh4 {[%emt 0:00:00]} Kd5 {[%emt 0:00:00]} 51. Kf4 {[%emt 0:00:00]} Ke6 {[%emt 0:00:00]} 52. Ke3 {[%emt 0:00:00]} Ke5 {[%emt 0:00:00]} 53. Kd3 {[%emt 0:00:00]} Kd5 {[%emt 0:00:00]} 54. Kc3 {[%emt 0:00:00]} Rc6+ {[%emt 0:06:26]} 55. Kb4 {[%emt 0:00:00]} Rc8 {[%emt 0:01:04]} 56. a6 {[%emt 0:00:00]} Rb8+ {[%emt 0:00:02]} 57. Kc3 {[%emt 0:00:00]} Ke5 {[%emt 0:00:36]} 58. a7 {[%emt 0:00:13]} Ra8 {[%emt 0:00:19]} 59. Kd3 {[%emt 0:01:46]} f4 {[%emt 0:01:09]} 60. Ke2 {[%emt 0:00:20]} Kf5 {[%emt 0:00:33]} 61. Kf3 {[%emt 0:00:27]} Ke5 {[%emt 0:00:02]} 62. Ra5+ {[%emt 0:00:17]} 1-0

[Event "Int SVK-ch Open 2020"]
[Site "Drienica"]
[Date "2020.08.13"]
[Round "7.17"]
[White "Kukan, Michal"]
[Black "Gulas, Gabriel"]
[Result "1-0"]
[WhiteElo "1769"]
[BlackElo "1472"]
[Annotator "NA"]
[PlyCount "61"]
[EventDate "2020.08.07"]
[EventType "swiss"]
[EventCountry "SVK"]
[SourceTitle "playchess.com"]
[Source "ChessBase"]
[SourceQuality "1"]
[TimeControl "40/5400+30:1800+30"]

1. c4 {[%emt 0:00:00]} e5 {[%emt 0:00:00]} 2. Nc3 {[%emt 0:00:00]} Nf6 {[%emt 0:00:02]} 3. g3 {[%emt 0:00:07]} d5 {[%emt 0:00:13]} 4. cxd5 {[%emt 0:00:31]} Nxd5 {[%emt 0:00:07]} 5. Bg2 {[%emt 0:00:21]} Be6 {[%emt 0:01:04]} 6. Qa4+ {[%emt 0:03:25]} Nc6 {[%emt 0:03:15]} 7. a3 {[%emt 0:02:09]} Bc5 {[%emt 0:06:14]} 8. Qc4 {[%emt 0:04:59]} Ne3 {[%emt 0:18:28]} 9. Qxc5 {[%emt 0:23:29]} Nc2+ {[%emt 0:02:51]} 10. Kf1 {[%emt 0:01:03]} Nxa1 {[%emt 0:01:21]} 11. Bxc6+ {[%emt 0:18:04]} bxc6 {[%emt 0:00:33]} 12. Qxc6+ {[%emt 0:01:49]} Ke7 {[%emt 0:09:50]} 13. d3 {[%emt 0:09:58]} Qd6 {[%emt 0:06:09]} 14. Qa4 {[%emt 0:03:26]} Nb3 {[%emt 0:03:57]} 15. Be3 {[%emt 0:01:04]} Nd4 {[%emt 0:00:52]} 16. f4 {[%emt 0:00:48]} Rhd8 {[%emt 0:12:32]} 17. Ne4 {[%emt 0:02:00]} Qd5 {[%emt 0:07:14]} 18. fxe5 {[%emt 0:04:27]} Qxe5 {[%emt 0:02:53]} 19. Nf3 {[%emt 0:02:32]} Qb5 {[%emt 0:04:17]} 20. Qxb5 {[%emt 0:02:55]} Nxb5 {[%emt 0:00:07]} 21. Bc5+ {[%emt 0:01:05]} Ke8 {[%emt 0:00:53]} 22. Kf2 {[%emt 0:01:12]} a5 {[%emt 0:03:19]} 23. Rc1 {[%emt 0:00:50]} Rab8 {[%emt 0:01:10]} 24. Ne5 {[%emt 0:00:48]} Bd5 {[%emt 0:00:39]} 25. a4 {[%emt 0:00:53]} Nd6 {[%emt 0:00:25]} 26. Ba3 {[%emt 0:00:53]} Nxe4+ {[%emt 0:00:24]} 27. dxe4 {[%emt 0:00:14]} Bxe4 {[%emt 0:00:10]} 28. Rxc7 {[%emt 0:00:14]} Rbc8 {[%emt 0:08:45]} 29. Re7+ {[%emt 0:00:33]} Kf8 {[%emt 0:00:06]} 30. Nxf7 {[%emt 0:01:08]} Rd4 {[%emt 0:03:20]} 31. Rxe4+ {[%emt 0:00:50]} 1-0

[Event "Int SVK-ch Open 2020"]
[Site "Drienica"]
[Date "2020.08.13"]
[Round "7.18"]
[White "Bochnickova, Simona"]
[Black "Kardis, Benjamin"]
[Result "0-1"]
[WhiteElo "1797"]
[BlackElo "2042"]
[Annotator "ChessBase"]
[PlyCount "52"]
[EventDate "2020.08.07"]
[EventType "swiss"]
[EventCountry "SVK"]
[SourceTitle "playchess.com"]
[Source "ChessBase"]
[SourceQuality "1"]
[TimeControl "40/5400+30:1800+30"]

1. e4 {[%emt 0:00:00]} d6 {[%emt 0:00:00]} 2. d4 {[%emt 0:00:00]} Nf6 {[%emt 0:00:00]} 3. Nc3 {[%emt 0:00:08]} g6 {[%emt 0:00:00]} 4. h3 {[%emt 0:02:55]} Bg7 {[%emt 0:00:15]} 5. Nf3 {[%emt 0:00:11]} Nc6 {[%emt 0:00:05]} 6. Be3 {[%emt 0:00:38]} a6 {[%emt 0:00:05]} 7. Qd2 {[%emt 0:01:45]} b5 {[%emt 0:01:45]} 8. a3 {[%emt 0:01:29]} O-O {[%emt 0:01:19]} 9. Bh6 {[%emt 0:02:34]} e5 {[%emt 0:01:07]} 10. Bxg7 {[%emt 0:05:29]} Kxg7 {[%emt 0:01:01]} 11. O-O-O {[%emt 0:09:44]} b4 {[%emt 0:11:04]} 12. axb4 {[%emt 0:02:07]} exd4 {[%emt 0:00:51]} 13. Nxd4 {[%emt 0:01:00]} Nxb4 {[%emt 0:00:05]} 14. Qg5 {[%emt 0:09:45]} h6 {[%emt 0:08:28]} 15. Qa5 {[%emt 0:00:33]} c5 {[%emt 0:00:08]} 16. Qxd8 {[%emt 0:00:24]} Rxd8 {[%emt 0:00:04]} 17. Nb3 {[%emt 0:03:21]} Bb7 {[%emt 0:00:37]} 18. f3 {[%emt 0:00:11]} a5 {[%emt 0:01:57]} 19. Na4 {[%emt 0:00:43]} Bc6 {[%emt 0:07:13]} 20. Nb6 {[%emt 0:00:52]} a4 {[%emt 0:00:26]} 21. Nxa8 {[%emt 0:04:56]} axb3 {[%emt 0:00:16]} 22. Nb6 {[%emt 0:02:58]} bxc2 {[%emt 0:00:09]} 23. Rd2 {[%emt 0:00:18]} Rb8 {[%emt 0:01:06]} 24. Nd5 {[%emt 0:04:42]} Nfxd5 {[%emt 0:00:39]} 25. exd5 {[%emt 0:00:07]} Bxd5 {[%emt 0:00:29]} 26. Rxd5 {[%emt 0:09:58]} Ra8 {[%emt 0:02:05]} 0-1

[Event "Int SVK-ch Open 2020"]
[Site "Drienica"]
[Date "2020.08.13"]
[Round "7.18"]
[White "Sevcik, Lubomir"]
[Black "Sosovickova, Martina"]
[Result "1-0"]
[WhiteElo "1748"]
[BlackElo "1362"]
[Annotator "NA"]
[PlyCount "49"]
[EventDate "2020.08.07"]
[EventType "swiss"]
[EventCountry "SVK"]
[SourceTitle "playchess.com"]
[Source "ChessBase"]
[SourceQuality "1"]
[TimeControl "40/5400+30:1800+30"]

1. g3 {[%emt 0:02:13]} e5 {[%emt 0:00:34]} 2. Bg2 {[%emt 0:00:33]} d5 {[%emt 0:01:04]} 3. d3 {[%emt 0:01:49]} Bf5 {[%emt 0:02:54]} 4. c4 {[%emt 0:02:50]} c6 {[%emt 0:03:20]} 5. cxd5 {[%emt 0:00:58]} cxd5 {[%emt 0:00:22]} 6. Qa4+ {[%emt 0:01:16]} Nc6 {[%emt 0:02:25]} 7. Qb3 {[%emt 0:03:08]} Nf6 {[%emt 0:08:40]} 8. Bd2 {[%emt 0:11:45]} Qd7 {[%emt 0:05:44]} 9. Nf3 {[%emt 0:05:41]} Bc5 {[%emt 0:05:35]} 10. O-O {[%emt 0:02:03]} O-O {[%emt 0:01:30]} 11. Nc3 {[%emt 0:02:47]} e4 {[%emt 0:06:50]} 12. Ne1 {[%emt 0:07:55]} Nd4 {[%emt 0:06:44]} 13. Qd1 {[%emt 0:03:39]} Bh3 {[%emt 0:09:23]} 14. Bg5 {[%emt 0:08:04]} Bxg2 {[%emt 0:03:36]} 15. Nxg2 {[%emt 0:04:55]} exd3 {[%emt 0:05:07]} 16. Qxd3 {[%emt 0:01:31]} Ng4 {[%emt 0:02:08]} 17. Ne3 {[%emt 0:08:30]} Ne5 {[%emt 0:03:23]} 18. Qd1 {[%emt 0:01:31]} Qh3 {[%emt 0:09:21]} 19. Ncxd5 {[%emt 0:05:07]} Qh5 {[%emt 0:05:48]} 20. f4 {[%emt 0:05:17]} Ng4 {[%emt 0:02:05]} 21. Bh4 {[%emt 0:06:31]} Rad8 {[%emt 0:02:25]} 22. Nxg4 {[%emt 0:03:20]} Rxd5 {[%emt 0:01:13]} 23. e3 {[%emt 0:01:34]} Ne6 {[%emt 0:04:30]} 24. Qf3 {[%emt 0:00:07]} Rd2 {[%emt 0:00:32]} 25. Nf6+ {[%emt 0:01:03]} 1-0

[Event "Int SVK-ch Open 2020"]
[Site "Drienica"]
[Date "2020.08.15"]
[Round "7.19"]
[White "Geffert, Peter"]
[Black "Sankova, Stella"]
[Result "0-1"]
[WhiteElo "1857"]
[BlackElo "1990"]
[Annotator "TA"]
[PlyCount "108"]
[EventDate "2020.08.07"]
[EventType "swiss"]
[EventCountry "SVK"]

{[%evp 18,108,8,0,0,-6,11,7,22,0,0,0,23,0,132,0,0,0,17,12,35,22,39,37,34,-11,-26,-24,-19,-45,-47,-98,-101,-116,-95,-95,-114,-137,-124,-125,-122,-247,-254,-255,-212,-317,-201,-220,-221,-245,-239,-277,-269,-285,-289,-291,-291,-280,-267,-348,-324,-356,-361,-344,-336,-493,-405,-386,-375,-365,-352,-431,-388,-499,-423,-707,-427,-427,-427,-426,-405,-744,-744,-2224,-3078,-2876,-2822,-2456,-2250,-5085,-4801,-2420,-1263]} 1. e4 c5 2. Nf3 d6 3. d4 cxd4 4. Nxd4 Nf6 5. Nc3 a6 6. Be3 e5 7. Nb3 Be6 8. Be2 Nbd7 9. O-O Be7 10. Kh1 O-O {B92: Sicilian Najdorf: 6 Be2.} 11. f4 Rc8 12. f5 Bc4 {The position is equal.} 13. Nd2 Bxe2 14. Qxe2 {[#]} Nb6 $146 ({Predecessor:} 14... b5 15. a3 Nb6 16. Rad1 Nc4 17. Nxc4 Rxc4 18. Bg5 Nxe4 19. Nxe4 Bxg5 20. Nxd6 Rd4 21. Qxe5 {0-1 (36) Celik,M (1773)-Yildiz,T (1719) Konya 2019}) 15. Rac1 Qc7 {[#]} (15... Re8 $11) 16. Rfd1 (16. g4 $1 $16) 16... Rfd8 $11 17. b3 Rd7 18. Bxb6 Qxb6 19. Na4 {[%cal Bc3a4,Ba4b2,Bb2d3][%mdl 32]} Qc6 20. c4 b5 21. Nb2 Qb7 22. Nd3 Bd8 23. c5 Rdc7 24. b4 (24. cxd6 $15 Rxc1 25. Nxc1) 24... Be7 $17 25. cxd6 Bxd6 {Hoping for ...Rxc1.} 26. a3 Rxc1 27. Rxc1 Rxc1+ 28. Nxc1 Qc6 29. Nd3 {Now White is beyond hope.} (29. Ncb3 $17) 29... Qc3 $19 30. Nf3 Qa1+ 31. Qe1 (31. Nfe1 $142) 31... Qxe1+ 32. Ndxe1 Nxe4 {[%mdl 4096] Endgame KBN-KNN} 33. Nc2 g6 34. fxg6 hxg6 ({Much less strong is} 34... fxg6 35. Kg1 $17) 35. g3 f5 36. Kg2 Kf7 37. Ne3 Nc3 38. Kf2 Bc7 39. Ke1 Bb6 40. Nc2 Kf6 41. Kd2 (41. Kf1 {keeps fighting.}) 41... Ne4+ 42. Ke2 Nd6 43. Nd2 Ke6 44. Kf3 e4+ 45. Kf4 Nf7 {[%csl Gf7][%cal Rg6g5] [#]} 46. g4 (46. Nxe4 $142 Bc7+ 47. Ke3 fxe4 48. Kxe4) 46... Bc7+ 47. Ke3 Bxh2 48. gxf5+ gxf5 49. Nb3 (49. Nd4+ $142 Kf6 50. Ke2) 49... Kd5 {Black is clearly winning.} 50. Nc5 Bg1+ 51. Kf4 Bxc5 52. bxc5 Kxc5 53. Kxf5 Nd6+ 54. Ke5 a5 {Accuracy: White = 40%, Black = 82%.} 0-1

[Event "Int SVK-ch Open 2020"]
[Site "Drienica"]
[Date "2020.08.13"]
[Round "7.19"]
[White "Dragula, Miroslav"]
[Black "Kucik, Patrik"]
[Result "0-1"]
[WhiteElo "1566"]
[BlackElo "1572"]
[Annotator "NA"]
[PlyCount "148"]
[EventDate "2020.08.07"]
[EventType "swiss"]
[EventCountry "SVK"]
[SourceTitle "playchess.com"]
[Source "ChessBase"]
[SourceQuality "1"]
[TimeControl "40/5400+30:1800+30"]

1. d4 {[%emt 0:00:00]} Nf6 {[%emt 0:00:00]} 2. c4 {[%emt 0:00:00]} e6 {[%emt 0:00:13]} 3. Nc3 {[%emt 0:00:00]} d5 {[%emt 0:00:42]} 4. Bg5 {[%emt 0:00:17]} Be7 {[%emt 0:04:17]} 5. Nf3 {[%emt 0:00:12]} h6 {[%emt 0:00:24]} 6. Bh4 {[%emt 0:00:17]} c6 {[%emt 0:08:57]} 7. e3 {[%emt 0:01:09]} O-O {[%emt 0:00:37]} 8. Bd3 {[%emt 0:00:14]} Nh7 {[%emt 0:01:28]} 9. Bxe7 {[%emt 0:01:14]} Qxe7 {[%emt 0:00:13]} 10. Qc2 {[%emt 0:00:30]} Nf6 {[%emt 0:01:54]} 11. h3 {[%emt 0:01:31]} Nbd7 {[%emt 0:01:01]} 12. O-O {[%emt 0:00:52]} e5 {[%emt 0:01:48]} 13. cxd5 {[%emt 0:00:28]} cxd5 {[%emt 0:01:19]} 14. dxe5 {[%emt 0:01:03]} Nxe5 {[%emt 0:00:34]} 15. Nxe5 {[%emt 0:00:48]} Qxe5 {[%emt 0:05:42]} 16. Ne2 {[%emt 0:00:57]} Be6 {[%emt 0:03:04]} 17. Nd4 {[%emt 0:04:15]} Rac8 {[%emt 0:03:06]} 18. Qe2 {[%emt 0:00:38]} a6 {[%emt 0:03:32]} 19. Nf3 {[%emt 0:02:13]} Qd6 {[%emt 0:02:21]} 20. Rfe1 {[%emt 0:00:29]} Rc7 {[%emt 0:00:51]} 21. Nd4 {[%emt 0:00:48]} Rfc8 {[%emt 0:02:55]} 22. Qf3 {[%emt 0:04:12]} Qe5 {[%emt 0:06:18]} 23. Qe2 {[%emt 0:01:20]} Qd6 {[%emt 0:02:08]} 24. Qd2 {[%emt 0:01:17]} Qe5 {[%emt 0:00:55]} 25. f4 {[%emt 0:01:54]} Qd6 {[%emt 0:01:54]} 26. Nf3 {[%emt 0:06:58]} Bd7 {[%emt 0:05:10]} 27. a4 {[%emt 0:01:38]} Bc6 {[%emt 0:07:51]} 28. g4 {[%emt 0:02:00]} Qe6 {[%emt 0:03:58]} 29. Bf5 {[%emt 0:02:22]} Qe7 {[%emt 0:01:10]} 30. Bxc8 {[%emt 0:01:49]} Rxc8 {[%emt 0:04:44]} 31. Nd4 {[%emt 0:01:03]} Ne4 {[%emt 0:01:04]} 32. Qh2 {[%emt 0:02:34]} Bd7 {[%emt 0:01:51]} 33. Qg2 {[%emt 0:04:29]} Qb4 {[%emt 0:02:26]} 34. b3 {[%emt 0:04:56]} Rc3 {[%emt 0:04:41]} 35. Rac1 {[%emt 0:09:03]} Rd3 {[%emt 0:01:16]} 36. Qe2 {[%emt 0:01:26]} Rd2 {[%emt 0:05:56]} 37. Qf3 {[%emt 0:01:23]} Rf2 {[%emt 0:02:10]} 38. Qd1 {[%emt 0:01:29]} Rd2 {[%emt 0:03:16]} 39. Qf3 {[%emt 0:00:10]} Rf2 {[%emt 0:00:40]} 40. Qxe4 {[%emt 0:00:00]} dxe4 {[%emt 0:00:00]} 41. Kxf2 {[%emt 0:03:13]} Qd2+ {[%emt 0:01:36]} 42. Kg1 {[%emt 0:00:16]} Kh7 {[%emt 0:01:44]} 43. Rcd1 {[%emt 0:00:37]} Qc3 {[%emt 0:05:10]} 44. Re2 {[%emt 0:01:24]} f6 {[%emt 0:01:28]} 45. Rdd2 {[%emt 0:00:09]} Qc1+ {[%emt 0:00:16]} 46. Kg2 {[%emt 0:00:19]} Qc3 {[%emt 0:00:30]} 47. Rc2 {[%emt 0:01:27]} Qa1 {[%emt 0:02:35]} 48. Rc7 {[%emt 0:01:20]} Bc6 {[%emt 0:01:26]} 49. Ne6 {[%emt 0:04:24]} Qd1 {[%emt 0:01:15]} 50. Kf2 {[%emt 0:02:44]} Qh1 {[%emt 0:01:16]} 51. Nxg7 {[%emt 0:01:57]} Qxh3 {[%emt 0:01:28]} 52. Nh5+ {[%emt 0:02:33]} Kg8 {[%emt 0:01:23]} 53. Nxf6+ {[%emt 0:00:23]} Kf8 54. Ke1 {[%emt 0:02:06]} Qh4+ {[%emt 0:02:58]} 55. Rf2 {[%emt 0:02:13]} Qxf6 {[%emt 0:00:15]} 56. g5 {[%emt 0:00:22]} Qc3+ {[%emt 0:00:51]} 57. Rd2 {[%emt 0:00:17]} Qxe3+ {[%emt 0:00:27]} 58. Kd1 Qxb3+ 59. Ke2 {[%emt 0:01:53]} Qf3+ {[%emt 0:01:12]} 60. Ke1 {[%emt 0:00:10]} Qg3+ {[%emt 0:00:57]} 61. Rf2 {[%emt 0:00:17]} Qc3+ {[%emt 0:00:42]} 62. Rd2 {[%emt 0:00:13]} Qc1+ {[%emt 0:00:38]} 63. Ke2 {[%emt 0:00:25]} Bb5+ {[%emt 0:00:37]} 64. axb5 {[%emt 0:01:10]} Qxc7 {[%emt 0:00:12]} 65. bxa6 {[%emt 0:00:53]} Qc4+ {[%emt 0:02:24]} 66. Ke3 Qxa6 {[%emt 0:00:14]} 67. gxh6 {[%emt 0:01:47]} Qxh6 {[%emt 0:00:17]} 68. Kxe4 {[%emt 0:00:08]} Qc6+ {[%emt 0:00:13]} 69. Rd5 {[%emt 0:00:17]} b5 {[%emt 0:00:12]} 70. Kd4 {[%emt 0:00:33]} Qc4+ {[%emt 0:00:31]} 71. Ke5 {[%emt 0:00:11]} b4 {[%emt 0:00:51]} 72. f5 {[%emt 0:00:04]} b3 {[%emt 0:00:28]} 73. Rd6 {[%emt 0:00:30]} Qc5+ {[%emt 0:00:39]} 74. Ke6 {[%emt 0:00:25]} Qxd6+ {[%emt 0:00:20]} 0-1

[Event "Int SVK-ch Open 2020"]
[Site "Drienica"]
[Date "2020.08.13"]
[Round "7.20"]
[White "Ihnat, Marek"]
[Black "Marsina, Stefan"]
[Result "0-1"]
[WhiteElo "2065"]
[BlackElo "1854"]
[Annotator "ChessBase"]
[PlyCount "68"]
[EventDate "2020.08.07"]
[EventType "swiss"]
[EventCountry "SVK"]
[SourceTitle "playchess.com"]
[Source "ChessBase"]
[SourceQuality "1"]
[TimeControl "40/5400+30:1800+30"]

1. e4 {[%emt 0:00:00]} d6 {[%emt 0:00:00]} 2. d4 {[%emt 0:00:00]} Nf6 {[%emt 0:00:00]} 3. Nc3 {[%emt 0:00:21]} c6 {[%emt 0:00:08]} 4. Bg5 {[%emt 0:01:31]} Nbd7 {[%emt 0:01:24]} 5. f4 {[%emt 0:00:47]} Qb6 {[%emt 0:04:16]} 6. Rb1 {[%emt 0:09:25]} e5 {[%emt 0:06:12]} 7. Nf3 {[%emt 0:05:25]} h6 {[%emt 0:44:27]} 8. Bxf6 {[%emt 0:00:19]} Nxf6 {[%emt 0:00:07]} 9. f5 {[%emt 0:11:15]} Bd7 {[%emt 0:12:24]} 10. Qd2 {[%emt 0:02:16]} O-O-O {[%emt 0:07:03]} 11. Bd3 {[%emt 0:03:31]} exd4 {[%emt 0:04:48]} 12. Na4 {[%emt 0:00:18]} Qc7 {[%emt 0:00:30]} 13. Nxd4 {[%emt 0:01:19]} d5 {[%emt 0:00:43]} 14. exd5 {[%emt 0:05:43]} Qe5+ {[%emt 0:03:24]} 15. Ne2 {[%emt 0:01:42]} cxd5 {[%emt 0:01:30]} 16. Qc3+ {[%emt 0:02:01]} Qxc3+ {[%emt 0:01:58]} 17. Naxc3 {[%emt 0:00:06]} Bc5 {[%emt 0:01:17]} 18. b4 {[%emt 0:16:39]} Bb6 {[%emt 0:01:26]} 19. h3 {[%emt 0:04:16]} Rhe8 {[%emt 0:00:35]} 20. a4 {[%emt 0:02:02]} Nh5 {[%emt 0:01:11]} 21. Rf1 {[%emt 0:02:45]} Nf6 {[%emt 0:02:05]} 22. a5 {[%emt 0:03:30]} Bc7 {[%emt 0:00:13]} 23. Rf3 {[%emt 0:00:44]} d4 {[%emt 0:01:31]} 24. Nb5 {[%emt 0:04:14]} Be5 {[%emt 0:01:34]} 25. Nxa7+ {[%emt 0:02:16]} Kb8 {[%emt 0:00:01]} 26. Nb5 {[%emt 0:01:14]} Bc6 {[%emt 0:00:02]} 27. Rf1 {[%emt 0:05:40]} Nd5 {[%emt 0:00:54]} 28. Kd2 {[%emt 0:03:05]} Ne3 {[%emt 0:00:29]} 29. Rg1 {[%emt 0:02:50]} Nxg2 30. Ra1 {[%emt 0:01:07]} Ne3 {[%emt 0:01:32]} 31. Ng3 {[%emt 0:03:43]} Nd5 {[%emt 0:00:26]} 32. Rab1 {[%emt 0:02:31]} Bf4+ {[%emt 0:00:28]} 33. Kd1 {[%emt 0:01:24]} Bxb5 {[%emt 0:00:13]} 34. Bxb5 {[%emt 0:00:49]} Nc3# {[%emt 0:00:17]} 0-1

[Event "Int SVK-ch Open 2020"]
[Site "Drienica"]
[Date "2020.08.15"]
[Round "7.20"]
[White "Durica, Andrej"]
[Black "Ferkova, Dominika"]
[Result "1-0"]
[WhiteElo "1911"]
[BlackElo "2111"]
[Annotator "ChessBase"]
[PlyCount "63"]
[EventDate "2020.08.07"]
[EventType "swiss"]
[EventCountry "SVK"]
[TimeControl "40/5400+30:1800+30"]

1. e4 {[%emt 0:00:00]} c6 {[%emt 0:00:00]} 2. d4 {[%emt 0:00:00]} d5 {[%emt 0:00:04]} 3. e5 {[%emt 0:00:01]} c5 {[%emt 0:00:04]} 4. Nf3 {[%emt 0:00:50]} Nc6 {[%emt 0:01:18]} 5. dxc5 {[%emt 0:00:23]} Bg4 {[%emt 0:01:38]} 6. c3 {[%emt 0:04:01]} e6 {[%emt 0:00:36]} 7. Be3 {[%emt 0:00:17]} a6 {[%emt 0:16:22]} 8. Bd4 {[%emt 0:01:21]} Qc7 {[%emt 0:05:33]} 9. Nbd2 {[%emt 0:01:49]} Nge7 {[%emt 0:03:07]} 10. h3 {[%emt 0:03:10]} Bxf3 {[%emt 0:00:10]} 11. Nxf3 {[%emt 0:00:08]} Ng6 {[%emt 0:02:24]} 12. Qe2 {[%emt 0:02:47]} Nce7 {[%emt 0:14:48]} 13. b4 {[%emt 0:02:58]} a5 {[%emt 0:03:40]} 14. Qb5+ {[%emt 0:08:52]} Nc6 {[%emt 0:00:44]} 15. Qa4 {[%emt 0:01:21]} Be7 {[%emt 0:02:29]} 16. b5 {[%emt 0:07:39]} Ncxe5 {[%emt 0:10:30]} 17. Nxe5 {[%emt 0:00:21]} Nxe5 {[%emt 0:00:32]} 18. b6+ {[%emt 0:00:13]} Qd7 {[%emt 0:00:11]} 19. Bb5 {[%emt 0:00:34]} Nc6 {[%emt 0:00:07]} 20. Rb1 {[%emt 0:11:02]} e5 {[%emt 0:07:27]} 21. Be3 {[%emt 0:02:21]} O-O {[%emt 0:01:13]} 22. O-O {[%emt 0:08:11]} Rfc8 {[%emt 0:04:53]} 23. Rfd1 {[%emt 0:00:05]} Qe6 {[%emt 0:01:30]} 24. Qb3 {[%emt 0:05:12]} Rd8 {[%emt 0:02:44]} 25. a4 {[%emt 0:03:57]} Rac8 {[%emt 0:02:55]} 26. Rd2 {[%emt 0:04:20]} Nb8 {[%emt 0:03:01]} 27. Rbd1 {[%emt 0:01:54]} Bxc5 {[%emt 0:04:53]} 28. Rxd5 {[%emt 0:00:46]} Bxb6 {[%emt 0:03:51]} 29. Bc4 {[%emt 0:06:43]} Re8 {[%emt 0:05:26]} 30. Rc5 {[%emt 0:03:57]} Qg6 {[%emt 0:02:06]} 31. Rxc8 {[%emt 0:01:10]} Rxc8 {[%emt 0:00:05]} 32. Qxb6 {[%emt 0:03:57]} 1-0